LEADER 00955nam0-2200325---450 001 990008626720403321 005 20190904162543.0 010 $a978-88-6081-289-6 035 $a000862672 035 $aFED01000862672 035 $a(Aleph)000862672FED01 035 $a000862672 100 $a20080228d2007----km-y0itay50------ba 101 0 $aita 102 $aIT 105 $ay-------001yy 200 1 $a<>anno 1. dell'era ecologica$ela terra dipende dall'uomo che dipende dalla terra$eseguito da un dialogo con Nicolas Hulot$fEdgar Morin 210 $aRoma$cArmando$dc2007 215 $a126 p.$d21 cm 225 1 $aTemi del nostro tempo 610 0 $aSociologia 676 $a301$v20$zita 700 1$aMorin,$bEdgar$038178 801 0$aIT$bUNINA$gRICA$2UNIMARC 901 $aBK 912 $a990008626720403321 952 $a60 304.2 MORE 2007$b11176$fFAGBC 959 $aFAGBC 996 $aAnno 1. dell'era ecologica$9260797 997 $aUNINA LEADER 01991nam 2200577 a 450 001 9910778749403321 005 20230422031343.0 010 $a0-309-17228-4 010 $a1-280-18563-5 010 $a9786610185634 010 $a0-309-59388-3 010 $a0-585-25990-9 035 $a(CKB)110986584752908 035 $a(OCoLC)45731829 035 $a(CaPaEBR)ebrary10055159 035 $a(SSID)ssj0000196421 035 $a(PQKBManifestationID)12024615 035 $a(PQKBTitleCode)TC0000196421 035 $a(PQKBWorkID)10143756 035 $a(PQKB)10300347 035 $a(MiAaPQ)EBC3376165 035 $a(Au-PeEL)EBL3376165 035 $a(CaPaEBR)ebr10055159 035 $a(OCoLC)923261685 035 $a(EXLCZ)99110986584752908 100 $a19991227d2000 uy 0 101 0 $aeng 135 $aurcn||||||||| 181 $ctxt 182 $cc 183 $acr 200 00$aManaged care systems and emerging infections$b[electronic resource] $echallenges and opportunities for strengthening surveillance, research, and prevention : workshop summary, based on a workshop of the Forum on Emerging Infections, Division of Health Sciences Policy, Institute of Medicine /$fJonathan R. Davis, editor 210 $aWashington, DC $cNational Academy Press$d2000 215 $a1 online resource (127 p.) 300 $aBibliographic Level Mode of Issuance: Monograph 311 $a0-309-06828-2 320 $aIncludes bibliographical references. 606 $aEmerging infectious diseases 606 $aManaged care plans (Medical care) 615 0$aEmerging infectious diseases. 615 0$aManaged care plans (Medical care) 676 $a362.1/04258 701 $aDavis$b Jonathan R$01474203 712 02$aInstitute of Medicine (U.S.) 801 0$bMiAaPQ 801 1$bMiAaPQ 801 2$bMiAaPQ 906 $aBOOK 912 $a9910778749403321 996 $aManaged care systems and emerging infections$93797502 997 $aUNINA